La construction du socialisme en Chine (Record no. 12283)
[ view plain ]
| 000 -LEADER | |
|---|---|
| fixed length control field | 00674 a2200277 4500 |
| 035 ## - SYSTEM CONTROL NUMBER | |
| System control number | 01696 |
| 100 ## - VEDETTE PRINCIPALE - NOM DE PERSONNE | |
| Personal name | BETTELHEIM, Charles |
| 130 ## - VEDETTE PRINCIPALE - TITRE UNIFORME | |
| Language of a work | Fr. |
| 260 ## - PUBLICATION, DISTRIBUTION, ETC. (IMPRINT) | |
| Place of publication, distribution, etc | Paris |
| 260 ## - PUBLICATION, DISTRIBUTION, ETC. (IMPRINT) | |
| Name of publisher, distributor, etc | Maspéro |
| 245 ## - TITLE STATEMENT | |
| Title | La construction du socialisme en Chine |
| 260 ## - PUBLICATION, DISTRIBUTION, ETC. (IMPRINT) | |
| Date of publication, distribution, etc | 1974 |
| 300 ## - PHYSICAL DESCRIPTION | |
| Extent | 207 p. |
| 300 ## - PHYSICAL DESCRIPTION | |
| Other physical details | 18 cm |
| 440 ## - SERIES STATEMENT/ADDED ENTRY--TITLE | |
| Title | (Petite Collection Maspéro ; 22) |
| 500 ## - GENERAL NOTE | |
| General note | Notes (pat. bibliographiques) au bas des pages |
| 650 ## - SUBJECT ADDED ENTRY--TOPICAL TERM | |
| Topical term or geographic name as entry element | SOCIALISME |
| 650 ## - SUBJECT ADDED ENTRY--TOPICAL TERM | |
| Topical term or geographic name as entry element | MARXISME |
| 651 ## - SUBJECT ADDED ENTRY--GEOGRAPHIC NAME | |
| Geographic name | CHINE |
| 700 ## - ADDED ENTRY--PERSONAL NAME | |
| Personal name | CHARRIERE, Jacques |
| 700 ## - ADDED ENTRY--PERSONAL NAME | |
| Personal name | MARCHISIE, Hélène |
| Withdrawn status | Lost status | Damaged status | Not for loan | Location (home branch) | Sublocation or collection (holding branch) | Date acquired | Koha issues (times borrowed) | Koha full call number | Koha date last seen | Price effective from | Koha item type |
|---|---|---|---|---|---|---|---|---|---|---|---|
| Bibliothèque Ecole Polytechnique d'Abomey-Calavi | Bibliothèque Ecole Polytechnique d'Abomey-Calavi | 27/02/2009 | 335.43951/B565c | 27/02/2009 | 27/02/2009 | Livre |